Guess the lyrics (#29) - Statistics

General Stats
  • This quiz has been taken 226 times
  • The average score is 51 of 103
Answer Stats
Answer % Correct
I
99%
a
97%
the
91%
You
90%
you
90%
and
83%
be
82%
it
82%
when
81%
to
80%
he
78%
me
74%
where
73%
my
72%
no
69%
if
66%
her
62%
It's
62%
want
62%
what
62%
Why
62%
would
62%
too
61%
I'll
59%
for
58%
all
54%
was
53%
his
51%
but
50%
But
50%
has
47%
cry
46%
Cry
46%
got
45%
like
45%
time
45%
with
45%
mine?
43%
party
43%
I've
41%
just
41%
Oh,
41%
happened
40%
he's
40%
gone,
37%
night
36%
ring
34%
hand
29%
supposed
28%
holding
25%
knows
25%
left
24%
same
23%
birthday
20%
Johnny
20%
Nobody
20%
while
20%
alone
19%
dancing
17%
door
17%
reason
17%
through
17%
wearing
17%
leave
16%
walked
16%
surprise
15%
Judy
14%
Keep
14%
king
13%
queen
13%
smile
13%
Judy's
12%
Play
9%
'Til
9%
records
7%
Johnny's
6%
No matching quizzes found
Score Distribution
Percent of People with Each Score
Percentile by Number Answered
Your Score History
You have not taken this quiz